[Event "XII Paracin Festival 2019"]
[Site "Paracin"]
[Date "2019.07.12"]
[Round "9.28"]
[White "Boldoo, Erdenepurev"]
[Black "Kanov, Nikola"]
[Result "1-0"]
[WhiteElo "2295"]
[BlackElo "1908"]
[Annotator "NA"]
[PlyCount "103"]
[EventDate "2019.07.05"]
[EventType "swiss"]
[EventCountry "SRB"]
[SourceTitle "playchess.com"]
[Source "ChessBase"]
[SourceQuality "1"]
[TimeControl "5400+30"]

1. d4 {[%emt 0:00:00]} Nf6 {[%emt 0:00:00]} 2. c4 {[%emt 0:00:00]} c5 {[%emt 0:00:00]} 3. d5 {[%emt 0:00:00]} e6 {[%emt 0:00:00]} 4. Nc3 {[%emt 0:00:11]} exd5 {[%emt 0:00:00]} 5. cxd5 {[%emt 0:00:04]} d6 {[%emt 0:00:05]} 6. e4 {[%emt 0:00:34]} g6 {[%emt 0:00:17]} 7. Bd3 {[%emt 0:00:23]} Bg7 {[%emt 0:00:10]} 8. h3 {[%emt 0:00:12]} O-O {[%emt 0:00:06]} 9. Nf3 {[%emt 0:00:03]} b5 {[%emt 0:00:49]} 10. Nxb5 Nxe4 {[%emt 0:09:06]} 11. Bxe4 {[%emt 0:00:35]} Re8 {[%emt 0:00:02]} 12. Ng5 f5 {[%emt 0:00:13]} 13. O-O {[%emt 0:11:06]} fxe4 {[%emt 0:28:47]} 14. Re1 {[%emt 0:03:29]} a6 15. Nc3 e3 {[%emt 0:04:44]} 16. Bxe3 {[%emt 0:01:19]} h6 {[%emt 0:00:51]} 17. Ne6 {[%emt 0:03:09]} Bxe6 {[%emt 0:00:54]} 18. dxe6 {[%emt 0:00:02]} Nc6 {[%emt 0:00:29]} 19. Ne4 {[%emt 0:05:58]} Nd4 {[%emt 0:03:06]} 20. Bxd4 Bxd4 21. Qg4 {[%emt 0:00:57]} Kh7 {[%emt 0:03:11]} 22. Rad1 {[%emt 0:00:14]} Ra7 {[%emt 0:00:30]} 23. b4 {[%emt 0:02:36]} Qe7 {[%emt 0:02:20]} 24. Kh1 {[%emt 0:04:04]} Kg7 {[%emt 0:05:37]} 25. Nxd6 {[%emt 0:02:21]} Qxd6 {[%emt 0:05:31]} 26. bxc5 {[%emt 0:00:01]} Qxc5 {[%emt 0:00:51]} 27. Qxd4+ {[%emt 0:00:02]} Qxd4 {[%emt 0:00:18]} 28. Rxd4 {[%emt 0:00:04]} Rb7 {[%emt 0:05:30]} 29. Re2 {[%emt 0:02:18]} Ree7 {[%emt 0:00:47]} 30. Rd6 {[%emt 0:00:15]} a5 {[%emt 0:00:12]} 31. Ra6 {[%emt 0:03:10]} Rb5 {[%emt 0:01:27]} 32. g3 {[%emt 0:01:51]} Kf6 {[%emt 0:00:09]} 33. Kg2 {[%emt 0:00:09]} Rc5 {[%emt 0:01:12]} 34. Re3 {[%emt 0:00:27]} Rd5 {[%emt 0:02:31]} 35. Ra3 {[%emt 0:00:40]} Rxe6 {[%emt 0:00:31]} 36. R3xa5 {[%emt 0:00:12]} Rxa5 {[%emt 0:00:30]} 37. Rxa5 {[%emt 0:00:01]} Re2 {[%emt 0:00:17]} 38. Ra8 {[%emt 0:00:40]} Rc2 {[%emt 0:00:18]} 39. a4 {[%emt 0:00:05]} Ra2 {[%emt 0:00:03]} 40. a5 {[%emt 0:00:05]} Ra3 {[%emt 0:00:18]} 41. a6 {[%emt 0:00:04]} Kg7 {[%emt 0:00:08]} 42. a7 {[%emt 0:00:22]} Kh7 {[%emt 0:00:05]} 43. f4 {[%emt 0:00:05]} Kg7 {[%emt 0:00:22]} 44. g4 {[%emt 0:00:06]} Ra2+ {[%emt 0:00:44]} 45. Kf3 {[%emt 0:00:10]} Ra3+ {[%emt 0:00:04]} 46. Ke4 {[%emt 0:00:04]} Ra4+ {[%emt 0:00:19]} 47. Kd3 {[%emt 0:00:03]} Ra3+ {[%emt 0:00:30]} 48. Kc2 {[%emt 0:00:09]} Ra2+ {[%emt 0:00:20]} 49. Kb3 {[%emt 0:00:05]} Ra1 {[%emt 0:00:06]} 50. f5 {[%emt 0:00:07]} Rb1+ {[%emt 0:00:19]} 51. Kc2 {[%emt 0:00:06]} Rb7 {[%emt 0:00:18]} 52. Rg8+ {[%emt 0:00:15]} 1-0

[Event "XII Paracin Festival 2019"]
[Site "Paracin"]
[Date "2019.07.12"]
[Round "9.29"]
[White "Banovic, Ivan"]
[Black "Gan-Od, Sereenen"]
[Result "0-1"]
[WhiteElo "2227"]
[BlackElo "2294"]
[Annotator "NA"]
[PlyCount "106"]
[EventDate "2019.07.05"]
[EventType "swiss"]
[EventCountry "SRB"]
[SourceTitle "playchess.com"]
[Source "ChessBase"]
[SourceQuality "1"]
[TimeControl "5400+30"]

1. Nf3 {[%emt 0:00:00]} Nf6 {[%emt 0:00:00]} 2. c4 {[%emt 0:00:03]} g6 {[%emt 0:00:00]} 3. Nc3 {[%emt 0:00:13]} Bg7 {[%emt 0:00:00]} 4. g3 {[%emt 0:01:13]} O-O {[%emt 0:00:00]} 5. Bg2 {[%emt 0:00:06]} c5 {[%emt 0:00:00]} 6. O-O {[%emt 0:00:30]} Nc6 {[%emt 0:00:00]} 7. d4 {[%emt 0:06:55]} cxd4 {[%emt 0:01:49]} 8. Nxd4 {[%emt 0:00:07]} Qa5 {[%emt 0:00:01]} 9. Nb3 {[%emt 0:05:36]} Qh5 {[%emt 0:01:01]} 10. e3 {[%emt 0:02:53]} Qxd1 {[%emt 0:01:44]} 11. Rxd1 {[%emt 0:01:58]} d6 {[%emt 0:01:53]} 12. c5 {[%emt 0:05:28]} dxc5 {[%emt 0:09:24]} 13. Nxc5 {[%emt 0:00:25]} e5 {[%emt 0:01:47]} 14. Rb1 {[%emt 0:07:27]} Rb8 {[%emt 0:03:49]} 15. b3 {[%emt 0:04:24]} Bg4 {[%emt 0:04:37]} 16. f3 {[%emt 0:06:56]} Bf5 {[%emt 0:01:31]} 17. e4 {[%emt 0:00:43]} Bc8 {[%emt 0:00:06]} 18. Bf1 {[%emt 0:16:28]} Nd4 {[%emt 0:01:14]} 19. Kf2 {[%emt 0:00:40]} b6 {[%emt 0:02:34]} 20. Na6 {[%emt 0:00:44]} Bxa6 {[%emt 0:01:30]} 21. Bxa6 {[%emt 0:00:17]} b5 {[%emt 0:00:19]} 22. a4 {[%emt 0:03:31]} bxa4 {[%emt 0:05:03]} 23. bxa4 {[%emt 0:00:12]} Rxb1 {[%emt 0:00:11]} 24. Nxb1 {[%emt 0:00:05]} Rb8 {[%emt 0:00:10]} 25. Nc3 {[%emt 0:05:28]} Rb3 {[%emt 0:03:32]} 26. Bd2 {[%emt 0:11:21]} Nd7 {[%emt 0:02:56]} 27. Rb1 {[%emt 0:01:49]} Nc5 {[%emt 0:01:56]} 28. Be2 {[%emt 0:01:14]} Rxb1 {[%emt 0:00:33]} 29. Nxb1 {[%emt 0:00:03]} Nxa4 {[%emt 0:00:04]} 30. Bc4 {[%emt 0:01:22]} Bf8 {[%emt 0:01:15]} 31. Ba5 {[%emt 0:02:40]} Bc5 {[%emt 0:01:40]} 32. Kg2 {[%emt 0:00:11]} Nb6 {[%emt 0:01:28]} 33. Ba2 {[%emt 0:00:36]} Nc6 {[%emt 0:00:46]} 34. Bd2 {[%emt 0:00:56]} Kg7 {[%emt 0:01:18]} 35. Nc3 {[%emt 0:00:21]} Bb4 {[%emt 0:00:11]} 36. Kf1 {[%emt 0:01:17]} Nd4 {[%emt 0:00:22]} 37. Kf2 {[%emt 0:00:22]} a5 {[%emt 0:00:20]} 38. Nb1 {[%emt 0:00:16]} Bc5 {[%emt 0:00:20]} 39. Be3 {[%emt 0:00:13]} a4 {[%emt 0:00:21]} 40. Nc3 {[%emt 0:00:37]} a3 {[%emt 0:00:38]} 41. Nd5 {[%emt 0:00:50]} Nd7 {[%emt 0:00:18]} 42. Bxd4 {[%emt 0:00:59]} Bxd4+ {[%emt 0:00:10]} 43. Ke2 {[%emt 0:00:08]} Nc5 {[%emt 0:00:27]} 44. Kd2 {[%emt 0:00:44]} Bg1 {[%emt 0:02:44]} 45. Ke2 {[%emt 0:00:55]} h5 {[%emt 0:01:39]} 46. h4 {[%emt 0:00:34]} Bd4 {[%emt 0:00:12]} 47. Nc7 {[%emt 0:00:14]} Nb7 {[%emt 0:06:24]} 48. f4 {[%emt 0:00:41]} Nd6 {[%emt 0:02:13]} 49. Kf3 {[%emt 0:00:33]} Bb2 {[%emt 0:00:31]} 50. Bd5 {[%emt 0:02:05]} Kf8 {[%emt 0:00:37]} 51. g4 {[%emt 0:02:44]} hxg4+ {[%emt 0:01:36]} 52. Kxg4 {[%emt 0:00:05]} Nxe4 {[%emt 0:00:21]} 53. Kf3 {[%emt 0:00:56]} Nc3 {[%emt 0:01:36]} 0-1

[Event "XII Paracin Festival 2019"]
[Site "Paracin"]
[Date "2019.07.12"]
[Round "9.30"]
[White "Uzumcu, Ahmet Utku"]
[Black "Stefansson, Vignir Vatnar"]
[Result "1/2-1/2"]
[WhiteElo "2201"]
[BlackElo "2293"]
[Annotator "ChessBase"]
[PlyCount "48"]
[EventDate "2019.07.05"]
[EventType "swiss"]
[EventCountry "SRB"]
[SourceTitle "playchess.com"]
[Source "ChessBase"]
[SourceQuality "1"]
[TimeControl "5400+30"]

1. e4 {[%emt 0:00:00]} c5 {[%emt 0:00:28]} 2. Nf3 {[%emt 0:00:00]} Nc6 {[%emt 0:00:18]} 3. d4 {[%emt 0:00:03]} cxd4 {[%emt 0:00:07]} 4. Nxd4 {[%emt 0:00:05]} Nf6 {[%emt 0:00:08]} 5. Nc3 {[%emt 0:00:07]} e5 {[%emt 0:00:06]} 6. Ndb5 {[%emt 0:00:08]} d6 {[%emt 0:00:07]} 7. Bg5 {[%emt 0:00:08]} a6 {[%emt 0:00:06]} 8. Na3 {[%emt 0:00:03]} Be6 {[%emt 0:00:06]} 9. Nc4 {[%emt 0:01:13]} Rc8 {[%emt 0:00:11]} 10. Ne3 {[%emt 0:01:44]} Be7 {[%emt 0:00:07]} 11. Bxf6 {[%emt 0:04:29]} Bxf6 {[%emt 0:00:08]} 12. Ncd5 {[%emt 0:00:34]} Bg5 {[%emt 0:00:06]} 13. c3 {[%emt 0:00:51]} Bxe3 {[%emt 0:03:42]} 14. Nxe3 {[%emt 0:00:07]} Ne7 {[%emt 0:00:06]} 15. Be2 {[%emt 0:03:35]} O-O {[%emt 0:10:47]} 16. Bf3 {[%emt 0:00:22]} Qb6 {[%emt 0:00:34]} 17. Qd2 {[%emt 0:02:06]} Rcd8 {[%emt 0:02:08]} 18. O-O {[%emt 0:00:45]} Rd7 {[%emt 0:02:58]} 19. Rfd1 {[%emt 0:03:13]} Rfd8 {[%emt 0:00:15]} 20. Qe2 {[%emt 0:01:43]} Qc7 {[%emt 0:11:10]} 21. Rd2 {[%emt 0:14:30]} d5 {[%emt 0:06:06]} 22. exd5 {[%emt 0:03:34]} Nxd5 {[%emt 0:00:09]} 23. Nxd5 {[%emt 0:00:56]} Bxd5 {[%emt 0:00:06]} 24. Bg4 {[%emt 0:12:58]} Be6 {[%emt 0:02:34]} 1/2-1/2